| 000 | 00996nab a2200229 4500 | ||
|---|---|---|---|
| 003 | AR-RoBPED | ||
| 005 | 20260504112140.0 | ||
| 008 | 260504b |||||||| |||| 00| 0 spa d | ||
| 040 | _aAR-RoBPED | ||
| 041 | _aspa | ||
| 100 | 1 |
_aAlbrecht, Federico _926233 _eProfesor de Biología |
|
| 245 | 1 | _aEducar en escenarios naturales / | |
| 260 |
_aBuenos Aires : _bNoveduc, _c2023 |
||
| 300 | _a62-63 p. | ||
| 500 | _aLas salidas de campo a la naturaleza son una herramienta necesaria para la enseñanza de las Ciencias Naturales dado que la escena didáctica transcurre en un aula a cielo abierto donde poner en juego competencias y habilidades del campo científico. | ||
| 650 | 7 |
_aENSEÑANZA DE LAS CIENCIAS NATURALES _9568 |
|
| 650 | 7 |
_aDIDACTICA _9167 |
|
| 650 | 7 |
_aAPRENDIZAJE _9560 |
|
| 773 | 0 |
_020414 _940098 _dBuenos Aires : Noveduc, 1993- _tNovedades Educativas _w(AR-RoBPED)20414 _x03283534 |
|
| 942 |
_2udc _cREV _h37(05) _mNov 86 N° 393 (Dic.2023) _ak.32686 |
||
| 945 | _amar 05/2026 | ||
| 999 |
_c32686 _d32686 |
||